Online katalóg knižníc regiónu Turca

Valkýry (Record no. 22279)

MARC details
000 -LEADER
fixed length control field 01703cam a2200529 a 4500
001 - CONTROL NUMBER
control field 22279
003 - CONTROL NUMBER IDENTIFIER
control field VRT
005 - DATE AND TIME OF LATEST TRANSACTION
control field 20260324163136.0
008 - FIXED-LENGTH DATA ELEMENTS--GENERAL INFORMATION
fixed length control field 240315s2015 xo g 000 f slo
015 ## - NATIONAL BIBLIOGRAPHY NUMBER
National bibliography number SNBA2015/12
020 ## - INTERNATIONAL STANDARD BOOK NUMBER
International Standard Book Number 9788055127286
Qualifying information (viaz.)
035 ## - SYSTEM CONTROL NUMBER
System control number 33AD5C34-5BDF-471D-A2BE-2826A4C5E95A
035 ## - SYSTEM CONTROL NUMBER
System control number urn:nbn:sk:snk-aml4lu
035 ## - SYSTEM CONTROL NUMBER
System control number urn:nbn:sk:snk-am008wjb
039 #9 - LEVEL OF BIBLIOGRAPHIC CONTROL AND CODING DETAIL [OBSOLETE]
Level of rules in bibliographic description 202403151747
Level of effort used to assign nonsubject heading access points VLOAD
Level of effort used to assign subject headings 202110121333
Level of effort used to assign classification AUTHORITY
Level of effort used to assign subject headings 201606101644
Level of effort used to assign classification VLOAD
Level of effort used to assign subject headings 201604300456
Level of effort used to assign classification VLOAD
040 ## - CATALOGING SOURCE
Original cataloging agency TTKJF
Language of cataloging slo
Transcribing agency TTKJF
Modifying agency SVKBB
-- SNK
Description conventions AACR2
041 1# - LANGUAGE CODE
Language code of text/sound track or separate title slo
Language code of original por
044 ## - COUNTRY OF PUBLISHING/PRODUCING ENTITY CODE
MARC country code xo
ISO country code SK
072 #7 - SUBJECT CATEGORY CODE
Subject category code 821.134.3
Subject category code subdivision Portugalská literatúra
Source konspekt
080 ## - UNIVERSAL DECIMAL CLASSIFICATION NUMBER
Universal Decimal Classification number 821.134.3(81)-31
Edition identifier 2001
100 1# - MAIN ENTRY--PERSONAL NAME
Personal name Coelho, Paulo,
Dates associated with a name 1947-
Relationship aut
240 13 - UNIFORM TITLE
Uniform title As Valkírias
Language of a work Slovensky
245 10 - TITLE STATEMENT
Title Valkýry
Statement of responsibility, etc. Paulo Coelho ; preložila Jana Benková Marcelliová
250 ## - EDITION STATEMENT
Edition statement 1. vyd.
260 ## - PUBLICATION, DISTRIBUTION, ETC.
Place of publication, distribution, etc. Bratislava
Name of publisher, distributor, etc. Ikar
Date of publication, distribution, etc. 2015
300 ## - PHYSICAL DESCRIPTION
Extent 215 s.
Dimensions 21 cm
655 #7 - INDEX TERM--GENRE/FORM
Genre/form data or focus term brazílske romány
Source of term SNKPH
655 #7 - INDEX TERM--GENRE/FORM
Genre/form data or focus term Brazilian fiction
Source of term SNKPHeng
700 1# - ADDED ENTRY--PERSONAL NAME
Personal name Benková Marcelliová, Jana,
Dates associated with a name 1979-
Relationship trl
910 ## - USER-OPTION DATA (OCLC)
User-option data ttkjf
910 ## - USER-OPTION DATA (OCLC)
User-option data pokpoh
910 ## - USER-OPTION DATA (OCLC)
User-option data snk
910 ## - USER-OPTION DATA (OCLC)
User-option data skpk
910 ## - USER-OPTION DATA (OCLC)
User-option data svkbb
910 ## - USER-OPTION DATA (OCLC)
User-option data hevk
910 ## - USER-OPTION DATA (OCLC)
User-option data bjkdg
910 ## - USER-OPTION DATA (OCLC)
User-option data vthk
910 ## - USER-OPTION DATA (OCLC)
User-option data pppk
910 ## - USER-OPTION DATA (OCLC)
User-option data sllk
942 ## - ADDED ENTRY ELEMENTS (KOHA)
Source of classification or shelving scheme Dewey Decimal Classification
Koha item type Krásna literatúra pre dospelých
Suppress in OPAC No
949 ## - LOCAL PROCESSING INFORMATION (OCLC)
6 17A1169246
a snkSC 165771
b snk2015/23590
o 1712/15
s 6100:20160105
949 ## - LOCAL PROCESSING INFORMATION (OCLC)
6 270001000506514
a svkbbA 145569
b svkbbm 755659
949 ## - LOCAL PROCESSING INFORMATION (OCLC)
6 2889305090
a savukM 117236
b savuk2015/3327
949 ## - LOCAL PROCESSING INFORMATION (OCLC)
6 17A1173301
a snkSC 165771 D1
b snk2015/29170
o 1712/15
949 ## - LOCAL PROCESSING INFORMATION (OCLC)
6 273K0598600
a svkpoA 228429
b svkpo594894
Holdings
Stav vyradenia Strata Poškodenie Spôsob nadobudnutia Domovská knižnica Aktuálna knižnica Dátum nadobudnutia Total checkouts Čiarový kód exemplára Date last seen Typ exemplára
      Dar Obecná knižnica Horná Štubňa Obecná knižnica Horná Štubňa 24.03.2026   9788055127286 24.03.2026 Krásna literatúra pre dospelých
Projekt je podporený Slovenskou asociáciou knižníc
Prevádzkuje Turčianska knižnica Martin 2026